[Event "European Youth Chess Championship B18"]
[Site "Prague, Top Hotel Prague"]
[Date "2016.08.22"]
[Round "5.34"]
[White "Caglar, Ahmet Ata"]
[Black "Hollan, Martin"]
[Result "1/2-1/2"]
[WhiteElo "1968"]
[BlackElo "2256"]
[PlyCount "102"]
[EventDate "2016.08.18"]

1. e4 c5 2. Nf3 d6 3. d4 cxd4 4. Nxd4 Nf6 5. Nc3 Nc6 6. g3 Nxd4 7. Qxd4 g6 8.
Bg5 Bg7 9. Bb5+ Bd7 10. Bxd7+ Qxd7 11. Nd5 O-O 12. Bxf6 exf6 13. Nxf6+ Bxf6 14.
Qxf6 Qa4 15. O-O Qxc2 16. Rfe1 Rfe8 17. Rac1 Qa4 18. Rc7 Qxa2 19. Rxb7 Rxe4 20.
Rd1 Qe6 21. Qxe6 Rxe6 22. Ra1 a5 23. Ra4 Kg7 24. b4 Re1+ 25. Kg2 Rb1 26. Rb6
Rb2 27. Kg1 d5 28. Rxa5 Rxb4 29. Rxg6+ hxg6 30. Rxa8 Kf6 31. Rd8 Ke5 32. Kg2
Rb3 33. h4 Rd3 34. Re8+ Kf5 35. Kf1 Rd2 36. Ke1 Ra2 37. Re2 Ra1+ 38. Kd2 Kg4
39. Ke3 Ra4 40. Rd2 Re4+ 41. Kd3 Kf3 42. Ra2 Rb4 43. Kc3 Re4 44. Kd3 Kg2 45.
Rb2 Ra4 46. Ke3 f5 47. Rb6 Re4+ 48. Kd3 Rg4 49. Ke2 d4 50. Rd6 Re4+ 51. Kd3 Rg4
1/2-1/2

[Event "European Youth Chess Championship B18"]
[Site "Prague, Top Hotel Prague"]
[Date "2016.08.22"]
[Round "5.35"]
[White "Chovan, Milan"]
[Black "Theocharous, Stelios"]
[Result "1/2-1/2"]
[WhiteElo "2231"]
[BlackElo "1972"]
[PlyCount "57"]
[EventDate "2016.08.18"]

1. c4 e5 2. g3 Nf6 3. Bg2 d5 4. cxd5 Nxd5 5. Nc3 Nb6 6. e3 Nc6 7. Nge2 Be7 8.
O-O O-O 9. f4 f6 10. d4 exd4 11. Nxd4 Nxd4 12. exd4 Kh8 13. Be3 Be6 14. d5 Bf7
15. Qd4 Qd7 16. a4 Rfd8 17. Rfd1 a5 18. Rac1 Rac8 19. d6 Bxd6 20. Nb5 Qe7 21.
Bxb7 Rb8 22. Qe4 Rxb7 23. Nxd6 Qxe4 24. Nxe4 Rxd1+ 25. Rxd1 Nd5 26. Bd4 h6 27.
Nc3 Nxc3 28. Bxc3 Bb3 29. Rd8+ 1/2-1/2

[Event "European Youth Chess Championship B18"]
[Site "Prague, Top Hotel Prague"]
[Date "2016.08.22"]
[Round "5.36"]
[White "Oztekin, Kerem Can"]
[Black "Fidalgo, Andre Neves"]
[Result "0-1"]
[WhiteElo "1910"]
[BlackElo "2266"]
[PlyCount "76"]
[EventDate "2016.08.18"]

1. e4 c5 2. Nf3 g6 3. d4 cxd4 4. Nxd4 Nc6 5. Nc3 Bg7 6. Nb3 Nf6 7. Be2 O-O 8.
O-O d6 9. Bg5 Be6 10. Kh1 a5 11. a4 Rc8 12. f4 Nb4 13. f5 Bxb3 14. cxb3 Rxc3
15. Bxf6 Rc5 16. Bxg7 Kxg7 17. Bc4 Re5 18. Qf3 f6 19. Rad1 Qb6 20. Qf4 Qc6 21.
Rfe1 Rd8 22. Re3 d5 23. Rh3 h5 24. Qg3 Qe8 25. Rxh5 Rxe4 26. Rh3 dxc4 27. Rxd8
Re1+ 28. Qxe1 Qxd8 29. Re3 Nc2 30. Qg1 Nxe3 31. Qxe3 Qd1+ 32. Qg1 Qxb3 33. Qa1
gxf5 34. h3 f4 35. Qe1 Qb4 36. Qe4 c3 37. Qf5 cxb2 38. Qg4+ Kf8 0-1

[Event "European Youth Chess Championship B18"]
[Site "Prague, Top Hotel Prague"]
[Date "2016.08.22"]
[Round "5.37"]
[White "Syvalahti, Timo"]
[Black "Redondo, Benavente Jose Carlo"]
[Result "1/2-1/2"]
[WhiteElo "2139"]
[BlackElo "2206"]
[PlyCount "129"]
[EventDate "2016.08.18"]

1. d4 d5 2. c4 dxc4 3. Nf3 e6 4. g3 c6 5. Bg2 b5 6. a4 Bb7 7. O-O Nd7 8. e4
Ngf6 9. Re1 Be7 10. b3 cxb3 11. Qxb3 a6 12. Ba3 O-O 13. Nc3 Bxa3 14. Qxa3 Nb6
15. Rac1 Re8 16. Qb3 h6 17. Rc2 Nfd7 18. e5 Rb8 19. Ne4 Nxa4 20. Nd6 Rf8 21.
Nd2 Qb6 22. Nxb7 Rxb7 23. Rxc6 Qxd4 24. Rd6 Qa7 25. Bxb7 Qxb7 26. Qf3 Qxf3 27.
Nxf3 Ndc5 28. Rc1 b4 29. Rc6 b3 30. R1xc5 Nxc5 31. Rxc5 Rb8 32. Nd2 b2 33. Kg2
b1=Q 34. Nxb1 Rxb1 35. Rc7 Rb5 36. f4 Rb2+ 37. Kh3 g6 38. Ra7 Ra2 39. Ra8+ Kg7
40. Ra7 Ra5 41. Kg4 Ra2 42. h3 Ra5 43. h4 h5+ 44. Kf3 Ra3+ 45. Kg2 Ra2+ 46. Kf3
a5 47. Ra8 a4 48. Ke3 Ra1 49. Kf2 Ra3 50. Kg2 Ra2+ 51. Kf3 a3 52. Ke3 Rg2 53.
Kf3 Ra2 54. Ke3 Ra1 55. Kf2 a2 56. Kg2 Kh7 57. Ra7 Kg8 58. Ra8+ Kg7 59. Kh2 g5
60. fxg5 Kg6 61. Ra5 Kf5 62. Kg2 Kg6 63. Ra8 Kf5 64. Ra5 Kg6 65. Ra8 1/2-1/2

[Event "European Youth Chess Championship B18"]
[Site "Prague, Top Hotel Prague"]
[Date "2016.08.22"]
[Round "5.38"]
[White "Seresin, Francesco"]
[Black "Whatley, Stephen A J"]
[Result "1/2-1/2"]
[WhiteElo "2200"]
[BlackElo "2073"]
[PlyCount "73"]
[EventDate "2016.08.18"]

1. d4 f5 2. c4 Nf6 3. Nc3 g6 4. h4 d6 5. h5 Nxh5 6. e4 Nf6 7. Bd3 Bg7 8. exf5
gxf5 9. Bg5 O-O 10. Qf3 Qe8 11. Bxf5 Bxf5 12. Qxf5 e6 13. Qd3 Qg6 14. Qxg6 hxg6
15. Nf3 Nc6 16. O-O-O Nh5 17. Rh4 Rf5 18. Be3 e5 19. dxe5 Nxe5 20. Nxe5 Bxe5
21. g4 Rf4 22. Rdh1 Bf6 23. Rxh5 Rxg4 24. Rh6 Rxc4 25. Kc2 d5 26. Kb3 c6 27.
Rxg6+ Kf7 28. Rg2 a5 29. Rh7+ Ke6 30. Rxb7 a4+ 31. Kc2 a3 32. Kd3 axb2 33. Bd2
Ra3 34. Rg6 Rcxc3+ 35. Bxc3 Rxc3+ 36. Kd2 Ra3 37. Rxb2 1/2-1/2

[Event "European Youth Chess Championship B18"]
[Site "Prague, Top Hotel Prague"]
[Date "2016.08.22"]
[Round "5.39"]
[White "Kassay, Krisztian"]
[Black "Schwander, Lukas"]
[Result "1-0"]
[WhiteElo "2124"]
[BlackElo "2199"]
[PlyCount "55"]
[EventDate "2016.08.18"]

1. e4 e5 2. Nf3 Nc6 3. Bc4 Bc5 4. c3 Nf6 5. d3 a6 6. Bb3 d6 7. Nbd2 O-O 8. h3
h6 9. Nf1 d5 10. Qe2 Be6 11. g4 dxe4 12. dxe4 Bxb3 13. axb3 Qd7 14. g5 hxg5 15.
Bxg5 Qe6 16. Rg1 Ne7 17. Ng3 Ng6 18. Nf5 Qc6 19. Bxf6 Qxf6 20. Qc4 Qb6 21. Rxg6
Qxg6 22. Qxc5 Qg2 23. Ke2 Qxh3 24. Qxe5 f6 25. Qe6+ Kh8 26. Qd7 Rg8 27. Ne7 Qh7
28. Ng6+ 1-0

[Event "European Youth Chess Championship B18"]
[Site "Prague, Top Hotel Prague"]
[Date "2016.08.22"]
[Round "5.40"]
[White "De, Block Yordi"]
[Black "Beeck, Mats"]
[Result "1/2-1/2"]
[WhiteElo "2015"]
[BlackElo "2196"]
[PlyCount "148"]
[EventDate "2016.08.18"]

1. d4 g6 2. e4 Bg7 3. Nf3 d6 4. Nc3 a6 5. Bc4 e6 6. O-O b5 7. Bd3 Bb7 8. Ne2 c5
9. c3 Nf6 10. Ng3 O-O 11. dxc5 dxc5 12. Bf4 Qb6 13. Qe2 Nc6 14. a3 c4 15. Bc2
Rfe8 16. Rad1 e5 17. Bc1 Rad8 18. Rxd8 Rxd8 19. Rd1 Qc7 20. Nf1 Rxd1 21. Qxd1
Qd7 22. Qe2 Qd6 23. N1d2 Qc5 24. Nb1 Bc8 25. b4 cxb3 26. Bxb3 Na5 27. Ba2 h6
28. h3 Qd6 29. Nfd2 Nh5 30. Nf1 Nf4 31. Qf3 Qf6 32. Nbd2 Be6 33. Bxe6 Qxe6 34.
Nb1 Qa2 35. Bxf4 Qxb1 36. Be3 Nc4 37. Bc5 Nd2 38. Qe2 Nxe4 39. Bb4 Bf8 40. Bxf8
Kxf8 41. Kh2 Nxc3 42. Qxe5 Qxf1 43. Qh8+ Ke7 44. Qxc3 Qc4 45. Qe3+ Qe6 46. Qxh6
Qd6+ 47. g3 Qxa3 48. Qg5+ Ke6 49. Qg4+ Kf6 50. Qd4+ Ke7 51. Qe5+ Kd7 52. Qd5+
Qd6 53. Qxf7+ Kc6 54. Qe8+ Kb6 55. Qe3+ Ka5 56. Qe1+ b4 57. Qa1+ Kb6 58. Qe1 a5
59. Qe3+ Kb5 60. Qe2+ Kc5 61. Qe3+ Kc4 62. Qe4+ Kc3 63. Qe3+ Kb2 64. Qe2+ Ka3
65. Qe1 Qd4 66. Qc1+ Qb2 67. Qe3+ Ka2 68. Qb6 a4 69. Qa7 a3 70. Qf7+ b3 71. Kg2
Qc2 72. Qe6 Qd2 73. h4 Ka1 74. Qxb3 a2 1/2-1/2

[Event "European Youth Chess Championship B18"]
[Site "Prague, Top Hotel Prague"]
[Date "2016.08.22"]
[Round "5.41"]
[White "Friedland, Moshe"]
[Black "Pein, Jonathan"]
[Result "1/2-1/2"]
[WhiteElo "2170"]
[BlackElo "1980"]
[PlyCount "36"]
[EventDate "2016.08.18"]

1. e4 e5 2. Nf3 d6 3. d4 exd4 4. Nxd4 Nf6 5. Nc3 g6 6. Be3 Bg7 7. Qd2 O-O 8.
O-O-O Re8 9. f3 Nc6 10. g4 Be6 11. Nxe6 fxe6 12. h4 d5 13. exd5 Nxd5 14. Nxd5
Qxd5 15. Qxd5 exd5 16. Bf4 Nd4 17. c3 Ne6 18. Bg3 c6 1/2-1/2

[Event "European Youth Chess Championship B18"]
[Site "Prague, Top Hotel Prague"]
[Date "2016.08.22"]
[Round "5.42"]
[White "Kilic, Cihan"]
[Black "Stepan, Patrik"]
[Result "0-1"]
[WhiteElo "1893"]
[BlackElo "2145"]
[PlyCount "42"]
[EventDate "2016.08.18"]

1. d4 Nf6 2. c4 e6 3. a3 d5 4. Nc3 Be7 5. Nf3 O-O 6. e3 Nbd7 7. Qc2 a6 8. b4 a5
9. b5 c5 10. Be2 b6 11. O-O Bb7 12. Rd1 Rc8 13. cxd5 cxd4 14. exd4 Nxd5 15. Bd2
Rxc3 16. Bxc3 Qc7 17. Rac1 Rc8 18. Ne5 Nxe5 19. dxe5 Bxa3 20. Qd2 Bxc1 21. Rxc1
Nxc3 0-1

[Event "European Youth Chess Championship B18"]
[Site "Prague, Top Hotel Prague"]
[Date "2016.08.22"]
[Round "5.43"]
[White "Krutsky, Martin"]
[Black "Kostka, Vit"]
[Result "1/2-1/2"]
[WhiteElo "2035"]
[BlackElo "2188"]
[PlyCount "77"]
[EventDate "2016.08.18"]

1. e4 c5 2. Nf3 d6 3. d4 cxd4 4. Nxd4 Nf6 5. Nc3 g6 6. Bc4 Bg7 7. O-O O-O 8.
Re1 Nc6 9. Bb3 Bd7 10. Bg5 Qa5 11. Nxc6 Bxc6 12. Nd5 Bxd5 13. exd5 Rfe8 14. c3
a6 15. h4 Qc7 16. Re3 Qd7 17. Qe2 h6 18. Bxf6 exf6 19. Re1 Kf8 20. Rxe8+ Rxe8
21. Qxe8+ Qxe8 22. Rxe8+ Kxe8 23. g4 f5 24. gxf5 gxf5 25. f4 Bf6 26. h5 Bh4 27.
Kg2 Ke7 28. Bc2 Kf6 29. Kf3 Be1 30. Ke2 Bg3 31. Ke3 a5 32. c4 b6 33. a3 Be1 34.
Bd3 Bg3 35. Bb1 Be1 36. Bc2 Bg3 37. b4 axb4 38. axb4 Be1 39. b5 1/2-1/2

[Event "European Youth Chess Championship B18"]
[Site "Prague, Top Hotel Prague"]
[Date "2016.08.22"]
[Round "5.44"]
[White "Schwab, Lukas"]
[Black "Hons, Tomas"]
[Result "1-0"]
[WhiteElo "2175"]
[BlackElo "2033"]
[PlyCount "51"]
[EventDate "2016.08.18"]

1. e4 e5 2. Nf3 Nc6 3. Bb5 a6 4. Ba4 Nf6 5. O-O b5 6. Bb3 Bb7 7. d3 Be7 8. h3
d6 9. a3 O-O 10. Nc3 Re8 11. Ng5 Rf8 12. f4 Nd4 13. Ba2 h6 14. Nf3 Nxf3+ 15.
Qxf3 exf4 16. Bxf4 Bc8 17. Nd5 Nxd5 18. Bxd5 Rb8 19. Bxh6 gxh6 20. Bxf7+ Kg7
21. Qh5 Bg5 22. Rf3 Qd7 23. Raf1 Bb7 24. h4 Bd2 25. Qg6+ Kh8 26. Rg3 1-0

[Event "European Youth Chess Championship B18"]
[Site "Prague, Top Hotel Prague"]
[Date "2016.08.22"]
[Round "5.45"]
[White "Scott, Luke"]
[Black "Thorhallsson, Simon"]
[Result "0-1"]
[WhiteElo "2001"]
[BlackElo "2169"]
[PlyCount "86"]
[EventDate "2016.08.18"]

1. d4 Nf6 2. c4 e6 3. Nf3 c5 4. d5 exd5 5. cxd5 d6 6. Nc3 g6 7. e4 Bg7 8. Be2
O-O 9. O-O Re8 10. Qc2 Na6 11. Nd2 Nc7 12. a4 Nfxd5 13. exd5 Bxc3 14. Qxc3 Rxe2
15. Nc4 Re4 16. Bh6 Rd4 17. Rfe1 Nxd5 18. Qf3 Bg4 19. Qb3 Nb4 20. Qc3 Nd5 21.
Qb3 b6 22. Ne3 Be6 23. Nxd5 Bxd5 24. Qe3 Qd7 25. f3 Bc6 26. Qg5 Qf5 27. Qe7 Qh5
28. Bg5 h6 29. Bf6 Rd2 30. Ra3 Qf5 31. Qe3 Rd5 32. Bc3 g5 33. g4 Qd7 34. Raa1
Re8 35. Qf2 Rd3 36. Rxe8+ Qxe8 37. Re1 Qd7 38. Re3 Rxe3 39. Qxe3 Qe6 40. Qf2
Bxa4 41. h4 Bc6 42. hxg5 hxg5 43. Qh2 Qe3+ 0-1

[Event "European Youth Chess Championship B18"]
[Site "Prague, Top Hotel Prague"]
[Date "2016.08.22"]
[Round "5.46"]
[White "Lopez, Popov Ivan"]
[Black "Salim, Riza"]
[Result "0-1"]
[WhiteElo "1948"]
[BlackElo "2146"]
[PlyCount "86"]
[EventDate "2016.08.18"]

1. e4 c5 2. c3 d5 3. exd5 Qxd5 4. d4 Nc6 5. Nf3 Bf5 6. Na3 cxd4 7. Nxd4 O-O-O
8. Be3 Nxd4 9. Qxd4 Qxd4 10. Bxd4 e5 11. Bxa7 Bxa3 12. bxa3 Kc7 13. Be3 Nf6 14.
Bc4 Nd5 15. O-O f6 16. Bc5 Kc6 17. Bb4 Nf4 18. Rad1 Bc2 19. Rc1 Bd3 20. Bxd3
Rxd3 21. Rc2 Rhd8 22. g3 Ne6 23. Re2 Rd2 24. Rfe1 Rxe2 25. Rxe2 Rd1+ 26. Kg2
Nc5 27. f4 Nd3 28. Kf3 Kd5 29. Ke3 b5 30. a4 bxa4 31. Rd2 Rxd2 32. Kxd2 e4 33.
f5 Ke5 34. g4 Nf2 35. h3 Nxh3 36. Bf8 Nf2 37. c4 Nxg4 38. Kc3 e3 39. Bxg7 Kxf5
40. Bf8 Ke4 41. Bb4 Ne5 42. Be7 f5 43. Kb4 Nc6+ 0-1

[Event "European Youth Chess Championship B18"]
[Site "Prague, Top Hotel Prague"]
[Date "2016.08.22"]
[Round "5.47"]
[White "Bischofberger, Dario"]
[Black "Radulescu, Vlad-Alexandru"]
[Result "0-1"]
[WhiteElo "2102"]
[BlackElo "2029"]
[PlyCount "116"]
[EventDate "2016.08.18"]

1. d4 d5 2. c4 e6 3. Nf3 c5 4. cxd5 exd5 5. Nc3 Nc6 6. g3 c4 7. Bg2 Bb4 8. O-O
Nge7 9. e4 dxe4 10. Nxe4 O-O 11. Qc2 Bf5 12. Nh4 Qxd4 13. Nxf5 Nxf5 14. Rd1 Qe5
15. Bf4 Qb5 16. Rd5 Nfd4 17. Qd1 Qb6 18. Qh5 Ne7 19. Rd7 Ne6 20. Rxb7 Nxf4 21.
gxf4 Qxb7 22. Nf6+ gxf6 23. Bxb7 Rad8 24. Kh1 f5 25. Rg1+ Kh8 26. Qg5 Ng6 27.
Qxf5 Rd6 28. Qe4 f5 29. Qxc4 Bd2 30. Rd1 Bxf4 31. Rxd6 Bxd6 32. h4 Re8 33. Qd4+
Be5 34. Qd7 Rf8 35. h5 Nf4 36. Qe7 Bg7 37. Qg5 Ne6 38. Qe7 Nf4 39. h6 Bxh6 40.
Qe5+ Kg8 41. Ba6 Kf7 42. Qd6 Bg5 43. Bc4+ Kg7 44. Qd7+ Kg6 45. Qxa7 h5 46. Qb6+
Rf6 47. Qb8 Bh6 48. Qg8+ Bg7 49. a4 Rf8 50. Qxf8 Bxf8 51. a5 Bc5 52. f3 Kg5 53.
a6 Ng6 54. b4 Bb6 55. Kh2 Ne5 56. Bd5 Kf4 57. Kg2 Nd3 58. Bf7 h4 0-1

[Event "European Youth Chess Championship B18"]
[Site "Prague, Top Hotel Prague"]
[Date "2016.08.22"]
[Round "5.48"]
[White "Shpati, Ted"]
[Black "Maes, Tibo"]
[Result "1-0"]
[WhiteElo "2084"]
[BlackElo "1950"]
[PlyCount "71"]
[EventDate "2016.08.18"]

1. e4 c5 2. Nf3 d6 3. Bb5+ Nd7 4. O-O a6 5. Bxd7+ Bxd7 6. d3 e6 7. Nbd2 Nf6 8.
b3 Be7 9. Bb2 O-O 10. e5 dxe5 11. Nxe5 Nd5 12. Ne4 f6 13. Nxd7 Qxd7 14. Qe2 e5
15. Bc1 Rae8 16. Bd2 f5 17. Ng3 f4 18. Ne4 f3 19. gxf3 Qh3 20. Kh1 Rxf3 21. Rg1
Bh4 22. Rg2 Nf4 23. Bxf4 Rxf4 24. Rag1 g6 25. Qe3 Qf5 26. Nd6 Qf8 27. Nxe8 Bxf2
28. Qxe5 Bxg1 29. Rxg1 Rf2 30. Qd5+ Kh8 31. Qe5+ Kg8 32. Qe4 Qh6 33. Qe6+ Kf8
34. Qd6+ Kg8 35. Nf6+ Kf7 36. Ng4 1-0

[Event "European Youth Chess Championship B18"]
[Site "Prague, Top Hotel Prague"]
[Date "2016.08.22"]
[Round "5.49"]
[White "Pozun, Matej"]
[Black "Sramek, Ondrej"]
[Result "1-0"]
[WhiteElo "2078"]
[BlackElo "1945"]
[PlyCount "51"]
[EventDate "2016.08.18"]

1. e4 e5 2. Nf3 Nc6 3. Bb5 a6 4. Ba4 Nf6 5. O-O Nxe4 6. d4 b5 7. Bb3 d5 8. dxe5
Be6 9. Qe2 Be7 10. Rd1 Nc5 11. Bxd5 Bxd5 12. Nc3 Nb4 13. Ne1 c6 14. a3 Qa5 15.
Bd2 Bc4 16. Qg4 Nxc2 17. Nxc2 Nb3 18. Bg5 Be6 19. Qf3 Qc7 20. Bxe7 Kxe7 21.
Rab1 Rhd8 22. Nb4 Nd2 23. Qxc6 Qxe5 24. Rxd2 Rxd2 25. Qxa8 Qc5 26. Qc6 1-0

[Event "European Youth Chess Championship B18"]
[Site "Prague, Top Hotel Prague"]
[Date "2016.08.22"]
[Round "5.50"]
[White "Jonsson, Gauti Pall"]
[Black "Lukic, Lazar"]
[Result "0-1"]
[WhiteElo "2075"]
[BlackElo "1939"]
[PlyCount "112"]
[EventDate "2016.08.18"]

1. e4 e5 2. Nf3 Nc6 3. d4 exd4 4. Nxd4 Bc5 5. Be3 Qf6 6. c3 Nge7 7. Bc4 b6 8.
O-O Bb7 9. f4 O-O-O 10. e5 Qh6 11. Qe2 Bxd4 12. cxd4 Nf5 13. Ba6 Ncxd4 14. Bxd4
Nxd4 15. Qe4 Nc6 16. Bxb7+ Kxb7 17. b4 Kb8 18. b5 Na5 19. Nc3 Qe6 20. Rac1 Nb7
21. f5 Qe8 22. Nd5 Nc5 23. Rxc5 bxc5 24. a4 f6 25. e6 dxe6 26. fxe6 Rd6 27. Re1
Qh5 28. Ne7 Qe5 29. Nc6+ Rxc6 30. bxc6 Qxe4 31. Rxe4 a5 32. e7 Re8 33. Re6 Ka7
34. Kf2 Kb6 35. Ke3 c4 36. Kd4 c3 37. Kxc3 Kc5 38. g4 Kd5 39. Re3 Kxc6 40. Kc4
Kd6 41. Kb5 Rxe7 42. Rxe7 Kxe7 43. Kxa5 Kd7 44. Kb5 g6 45. a5 Kc8 46. Kc6 f5
47. gxf5 gxf5 48. Kd5 Kb7 49. Ke5 Ka6 50. Kxf5 Kxa5 51. h4 c5 52. h5 c4 53. h6
c3 54. Kf6 c2 55. Kg7 c1=Q 56. Kxh7 Qg5 0-1

[Event "European Youth Chess Championship B18"]
[Site "Prague, Top Hotel Prague"]
[Date "2016.08.22"]
[Round "5.51"]
[White "Rajic, Ivan"]
[Black "Koehn, Lennart"]
[Result "1/2-1/2"]
[WhiteElo "1922"]
[BlackElo "2048"]
[PlyCount "105"]
[EventDate "2016.08.18"]

1. d4 Nf6 2. c4 e6 3. Nf3 c5 4. d5 exd5 5. cxd5 d6 6. Nc3 g6 7. g3 Bg7 8. Bg2
O-O 9. O-O Re8 10. Re1 Na6 11. e4 Nc7 12. a4 Bg4 13. Qb3 Bxf3 14. Bxf3 Rb8 15.
Bf4 Qd7 16. e5 dxe5 17. Bxe5 h5 18. d6 Ne6 19. Qc4 Ng5 20. Bg2 Qf5 21. Qf4 Qxf4
22. gxf4 Ne6 23. d7 Nxd7 24. Bxb8 Rxb8 25. f5 gxf5 26. Rad1 Ne5 27. Nb5 a6 28.
Nd6 Nd4 29. Kf1 Ndf3 30. Bxf3 Nxf3 31. Re2 Nxh2+ 32. Kg2 Ng4 33. Nxf5 b5 34.
Rd5 bxa4 35. Nxg7 Kxg7 36. Rxh5 Nf6 37. Rxc5 Rb4 38. Ra5 Ne4 39. Rxa6 Nc5 40.
Rd6 Rb3 41. Rd4 a3 42. bxa3 Rxa3 43. f3 Ne6 44. Rg4+ Kf6 45. Kg3 Rd3 46. Rge4
Rd1 47. Rg2 Kf5 48. Rh2 Rg1+ 49. Kf2 Ra1 50. Rh5+ Kg6 51. Rhe5 Kf6 52. Kg3 Rg1+
53. Kf2 1/2-1/2

[Event "European Youth Chess Championship B18"]
[Site "Prague, Top Hotel Prague"]
[Date "2016.08.22"]
[Round "5.52"]
[White "Ozcan, Kadir Kutay"]
[Black "Steindl, Johannes"]
[Result "0-1"]
[WhiteElo "1808"]
[BlackElo "2141"]
[PlyCount "46"]
[EventDate "2016.08.18"]

1. e4 e5 2. Nf3 d6 3. d4 exd4 4. Nxd4 Nf6 5. Nc3 Be7 6. Bc4 O-O 7. O-O c6 8. a4
Re8 9. Bf4 Bf8 10. Bg5 Nbd7 11. f4 Qb6 12. Re1 d5 13. a5 Qxb2 14. Na4 Qb4 15.
Bb3 Rxe4 16. c3 Qxa5 17. Nf5 b5 18. Rxe4 Nxe4 19. Qg4 Ndf6 20. Bxf6 Bxf5 21.
Qxf5 Nxf6 22. Bc2 bxa4 23. Rxa4 Qxc3 0-1

[Event "European Youth Chess Championship B18"]
[Site "Prague, Top Hotel Prague"]
[Date "2016.08.22"]
[Round "5.53"]
[White "Vangsgaard, Bjarke"]
[Black "Kuna, Martin"]
[Result "1/2-1/2"]
[WhiteElo "2034"]
[BlackElo "1832"]
[PlyCount "108"]
[EventDate "2016.08.18"]

1. d4 d5 2. Bf4 Nf6 3. e3 c5 4. c3 Nc6 5. Nf3 Qb6 6. Qc1 Bf5 7. Be2 h6 8. Nbd2
cxd4 9. Nxd4 Nxd4 10. exd4 e6 11. a4 a6 12. O-O Be7 13. a5 Qd8 14. h3 O-O 15.
Nf3 Rc8 16. Ne5 Nd7 17. g4 Bh7 18. Qe3 Nxe5 19. Bxe5 Bd6 20. f4 Bxe5 21. dxe5
Re8 22. g5 hxg5 23. fxg5 Bf5 24. h4 g6 25. Rf4 Qc7 26. Rb4 Re7 27. Ra3 Qc5 28.
Kf2 Kf8 29. Qxc5 Rxc5 30. Ke3 Rd7 31. Kd4 Rcc7 32. Rb6 Ke7 33. b4 Rd8 34. b5
axb5 35. Bxb5 Rh8 36. c4 Rxh4+ 37. Kc3 Rh3+ 38. Kb4 Rxa3 39. Kxa3 dxc4 40. Kb2
c3+ 41. Kc1 c2 42. Ba4 Kd8 43. Rb4 Kc8 44. Bb5 Rc5 45. Rc4 Rxc4 46. Bxc4 Kc7
47. Bb5 Kb8 48. Kd2 Ka7 49. Kc1 Be4 50. Be2 b6 51. a6 Bc6 52. Kxc2 b5 53. Kc3
Kb6 54. Bf1 Bd7 1/2-1/2

[Event "European Youth Chess Championship B18"]
[Site "Prague, Top Hotel Prague"]
[Date "2016.08.22"]
[Round "5.54"]
[White "Tirziman, Rudolf"]
[Black "Sucharda, David"]
[Result "1/2-1/2"]
[WhiteElo "1884"]
[BlackElo "2051"]
[PlyCount "130"]
[EventDate "2016.08.18"]

1. e4 e6 2. d3 d5 3. Bf4 Nf6 4. Nd2 c5 5. e5 Nfd7 6. Ngf3 Nc6 7. g3 Be7 8. h4
b6 9. Bh3 Bb7 10. c3 h6 11. Bg4 Qc7 12. Qe2 a5 13. Rc1 b5 14. h5 a4 15. O-O c4
16. d4 O-O-O 17. b3 Nb6 18. Rb1 Kd7 19. Rfe1 Ra8 20. Nf1 cxb3 21. axb3 Ba6 22.
b4 Rag8 23. N3h2 Qd8 24. Bc1 Qf8 25. f4 g6 26. hxg6 fxg6 27. Ne3 Qf7 28. Qg2
Kc7 29. Qh3 Bc8 30. Qf1 Na7 31. Be2 Bd7 32. Nf3 g5 33. f5 exf5 34. e6 Qxe6 35.
Ne5 Bd6 36. Nxd7 Qxd7 37. Qxf5 Bxg3 38. Rf1 Bf4 39. Qxd7+ Kxd7 40. Bg4+ Kc7 41.
Ng2 Bxc1 42. Rf7+ Kb8 43. Rxc1 h5 44. Be2 Re8 45. Bd3 Nbc8 46. Rf5 Ne7 47. Rxg5
Reg8 48. Rxg8+ Rxg8 49. Kf2 Kc7 50. Rh1 Rh8 51. Nf4 Kd6 52. Rxh5 Rxh5 53. Nxh5
Nac8 54. Nf4 Nb6 55. Ne2 Nc4 56. Kf3 Nc8 57. Nc1 N8b6 58. Bg6 Ke7 59. Kf4 Kf6
60. Be8 Na3 61. Na2 Ke7 62. Bh5 Nbc4 63. Bg6 Kd6 64. Kg5 Nd2 65. Kf4 Ndc4
1/2-1/2

[Event "European Youth Chess Championship B18"]
[Site "Prague, Top Hotel Prague"]
[Date "2016.08.22"]
[Round "5.55"]
[White "Ferreira, Hugo Miguel Da Costa"]
[Black "Berthaut, Alexandre"]
[Result "1-0"]
[WhiteElo "1975"]
[BlackElo "1720"]
[PlyCount "53"]
[EventDate "2016.08.18"]

1. d4 Nf6 2. Nf3 g6 3. Bg5 Bg7 4. Nbd2 O-O 5. c3 d6 6. e4 Nbd7 7. Bc4 c5 8.
dxc5 Nxc5 9. Qe2 Bg4 10. O-O Qc7 11. Rae1 h6 12. Bh4 g5 13. Bg3 Nh5 14. Qe3 Ne6
15. Nd4 Nxd4 16. cxd4 Nxg3 17. Qxg3 Be6 18. Bxe6 fxe6 19. Qh3 Bxd4 20. Qxh6
Bxb2 21. Qxe6+ Rf7 22. Nf3 Bf6 23. e5 dxe5 24. Nxe5 Bxe5 25. Rxe5 Kf8 26. Qh6+
Ke8 27. Rxg5 1-0

[Event "European Youth Chess Championship B18"]
[Site "Prague, Top Hotel Prague"]
[Date "2016.08.24"]
[Round "6.1"]
[White "Kelires, Andreas"]
[Black "Petrosyan, Manuel"]
[Result "1/2-1/2"]
[WhiteElo "2483"]
[BlackElo "2512"]
[PlyCount "48"]
[EventDate "2016.08.18"]

1. d4 Nf6 2. Nf3 e6 3. g3 b5 4. Bg5 Bb7 5. Bxf6 Qxf6 6. Bg2 c5 7. O-O d5 8. c3
Nc6 9. Re1 Be7 10. dxc5 Bxc5 11. Nbd2 O-O 12. e4 Ne5 13. exd5 Nxf3+ 14. Qxf3
Qxf3 15. Bxf3 Rad8 16. Re5 Bd6 17. Re3 Bc5 18. Rd3 Bxd5 19. Bxd5 Rxd5 20. Rxd5
exd5 21. a4 bxa4 22. Rxa4 Rb8 23. b3 Bb6 24. c4 dxc4 1/2-1/2

[Event "European Youth Chess Championship B18"]
[Site "Prague, Top Hotel Prague"]
[Date "2016.08.24"]
[Round "6.2"]
[White "Bellahcene, Bilel"]
[Black "Molenda, Marcin"]
[Result "1-0"]
[WhiteElo "2467"]
[BlackElo "2277"]
[PlyCount "157"]
[EventDate "2016.08.18"]

1. e4 c5 2. Nf3 e6 3. d4 cxd4 4. Nxd4 Nc6 5. Nc3 Qc7 6. Be3 a6 7. Be2 Nf6 8. a3
Be7 9. f4 d6 10. g4 Nxd4 11. Qxd4 e5 12. Qd2 Bxg4 13. Bxg4 Nxg4 14. O-O-O Nxe3
15. Qxe3 exf4 16. Qxf4 Rc8 17. Rd2 Qd8 18. Rg1 Rxc3 19. bxc3 O-O 20. Rd5 Qc8
21. Rg3 Re8 22. Qh6 g6 23. Rh3 Bf6 24. Qxh7+ Kf8 25. Rxd6 Qg4 26. Kb2 Be5 27.
Qh6+ Kg8 28. Qh7+ Kf8 29. Qh6+ Kg8 30. Rdd3 Qe6 31. Qe3 Rc8 32. Qd2 Qb6+ 33.
Ka2 Qc7 34. Kb2 Qb6+ 35. Ka2 Qc7 36. Rhf3 Qc4+ 37. Kb2 Qb5+ 38. Kc1 Qa5 39. Kd1
Qxa3 40. Rd8+ Rxd8 41. Qxd8+ Kg7 42. Qd7 Qa2 43. Qxb7 Bf6 44. Qb6 Qa1+ 45. Kd2
Bg5+ 46. Ke2 Qc1 47. Qd4+ Kg8 48. Qd1 Qb2 49. Kf1 a5 50. Qd5 Qc1+ 51. Kg2 Bf4
52. Qd8+ Kg7 53. Qd4+ Kg8 54. Rf1 Qxc2+ 55. Rf2 Qc1 56. Qd8+ Kg7 57. Qxa5 g5
58. Qc5 Qb1 59. Qd4+ f6 60. c4 Be5 61. Qd5 Kh6 62. c5 g4 63. Qd2+ Kg6 64. Qe2
Kg5 65. Rf1 Qb3 66. Rf5+ Kh6 67. Qxg4 Qc2+ 68. Rf2 Qxc5 69. h4 Qc4 70. Qf3 Qg8+
71. Kh1 Qc4 72. Rg2 Qc1+ 73. Rg1 Qc4 74. Qf5 Qf7 75. Rg5 Qe8 76. Rg2 Qh5 77.
Qf2 Qd1+ 78. Rg1 Qh5 79. Qd2+ 1-0

[Event "European Youth Chess Championship B18"]
[Site "Prague, Top Hotel Prague"]
[Date "2016.08.24"]
[Round "6.3"]
[White "Nguyen, Thai Dai Van"]
[Black "Vavulin, Maksim"]
[Result "0-1"]
[WhiteElo "2445"]
[BlackElo "2559"]
[PlyCount "110"]
[EventDate "2016.08.18"]

1. e4 e5 2. Nf3 Nc6 3. Bb5 a6 4. Ba4 d6 5. Bxc6+ bxc6 6. d4 f6 7. Nc3 g6 8. Be3
Rb8 9. b3 Bg7 10. Qd2 h6 11. O-O-O Ne7 12. Rhg1 Be6 13. g4 Qc8 14. h3 Bf7 15.
h4 exd4 16. Nxd4 c5 17. Nde2 h5 18. gxh5 Rxh5 19. f4 f5 20. e5 Rb6 21. Bf2 Rc6
22. Ng3 Rh7 23. Rde1 dxe5 24. fxe5 Qe6 25. Nge2 Bxe5 26. Bg3 Rd6 27. Qe3 Bxg3
28. Qxg3 Qf6 29. Rh1 Kf8 30. Kb1 c4 31. Nf4 cxb3 32. axb3 Nc6 33. Ref1 Nd4 34.
h5 gxh5 35. Nxh5 Rxh5 36. Rxh5 Bxh5 37. Ne4 Qg6 38. Qe5 Nf3 39. Qh8+ Qg8 40.
Qxg8+ Kxg8 41. Nxd6 Nd2+ 42. Kb2 Nxf1 43. Nxf5 Kf7 44. c4 Kf6 45. Nd4 Ke5 46.
Kc3 Ng3 47. Nc6+ Kd6 48. Nb8 a5 49. b4 Ne2+ 50. Kb3 Nd4+ 51. Kc3 axb4+ 52. Kxd4
c5+ 53. Kd3 Kc7 54. Na6+ Kb6 55. Nb8 Bg4 0-1